Statistics for European Capital City Flags

Click here to take the quiz!

General Stats

  • This quiz has been taken 583 times
  • The average score is 17 of 39

Answer Stats

Answer% Correct
London
91%
Berlin
89%
Vatican City
80%
Dublin
70%
Moscow
70%
San Marino
69%
Amsterdam
67%
Madrid
64%
Lisbon
60%
Paris
60%
Monaco
58%
Bucharest
57%
Rome
55%
Budapest
52%
Oslo
50%
Bern
48%
Helsinki
44%
Kiev
44%
Chişinău
42%
Vienna
37%
Warsaw
37%
Reykjavik
31%
Vilnius
31%
Luxembourg
30%
Prague
30%
Minsk
29%
Sofia
29%
Riga
27%
Belgrade
26%
Tallinn
26%
Bratislava
25%
Andorra la Vella
24%
Podgorica
24%
Ljubljana
23%
Sarajevo
23%
Zagreb
23%
Valletta
22%
Tirana
18%
Vaduz
15%

Score Distribution

Percentile by Number Answered

Percent of People with Each Score

Your Score History

You have not taken this quiz